| 000 | 00609nam a2200217 i 4500 | ||
|---|---|---|---|
| 001 | 73299 | ||
| 003 | ES-MaACL | ||
| 005 | 20231223063051.0 | ||
| 007 | t| | ||
| 008 | 040927s2002 sp ||||1| spa d | ||
| 020 | _a84-87290-90-6 | ||
| 080 | _a946.027 M. | ||
| 100 | 1 |
_aRépide, Pedro de, _d1882-1948 _996267 |
|
| 245 | 1 | 4 |
_aLas calles de Madrid / _cPedro de Répide. |
| 250 | _a4ª ed. | ||
| 260 |
_aMadrid : _bLa Librería, _c2002. |
||
| 300 |
_a805 p., [12] h. de lám. : _bil. ; _c24 cm. |
||
| 650 | 4 |
_aCalles- _zMadrid. _9146934 |
|
| 852 |
_aES-MaACL _jL-28124 |
||
| 999 |
_c73299 _d73299 |
||